[Event "Moscow Open 2016 A"]
[Site "?"]
[Date "2016.02.07"]
[Round "9.13"]
[White "Vavulin, Maksim"]
[Black "Ivanov, Oleg V"]
[Result "0-1"]
[BlackElo "2519"]
[WhiteElo "2448"]
[LiveChessVersion "1.4.7"]

1. e4 {[%clk 1:30:58]} c5 {[%clk 1:30:51]} 2. Nf3 {[%clk 1:31:11]} Nc6
{[%clk 1:31:15]} 3. d4 {[%clk 1:31:17]} cxd4 {[%clk 1:31:39]} 4. Nxd4
{[%clk 1:31:44]} g6 {[%clk 1:31:26]} 5. Nc3 {[%clk 1:32:00]} Bg7 {[%clk 1:31:48]}
6. Be3 {[%clk 1:32:23]} Nf6 {[%clk 1:32:07]} 7. Bc4 {[%clk 1:32:42]} O-O
{[%clk 1:32:29]} 8. Bb3 {[%clk 1:32:55]} d6 {[%clk 1:32:16]} 9. f3
{[%clk 1:33:04]} Bd7 {[%clk 1:31:44]} 10. Qd2 {[%clk 1:33:24]} Rc8
{[%clk 1:31:47]} 11. O-O-O {[%clk 1:33:30]} Nxd4 {[%clk 1:30:31]} 12. Bxd4
{[%clk 1:33:47]} b5 {[%clk 1:30:48]} 13. Bxa7 {[%clk 1:25:55]} b4
{[%clk 1:20:24]} 14. Nd5 {[%clk 1:14:30]} Nxd5 {[%clk 1:20:23]} 15. exd5
{[%clk 1:14:45]} Qa5 {[%clk 1:06:26]} 16. Bd4 {[%clk 1:13:38]} Bxd4
{[%clk 1:06:13]} 17. Qxd4 {[%clk 1:14:06]} Ba4 {[%clk 1:06:22]} 18. Qe3
{[%clk 1:12:17]} Bxb3 {[%clk 1:04:37]} 19. Qxb3 {[%clk 1:12:37]} Rc5
{[%clk 1:04:58]} 20. Kb1 {[%clk 1:09:24]} Rfc8 {[%clk 0:37:58]} 21. Rd2
{[%clk 1:09:12]} Rc4 {[%clk 0:35:26]} 22. Re1 {[%clk 0:57:54]} R8c7
{[%clk 0:33:09]} 23. g3 {[%clk 0:56:17]} Qc5 {[%clk 0:31:34]} 24. Qd3
{[%clk 0:37:36]} Ra7 {[%clk 0:24:34]} 25. Qe3 {[%clk 0:33:36]} Qa5
{[%clk 0:23:33]} 26. Qb3 {[%clk 0:33:57]} Qc5 {[%clk 0:23:30]} 27. h4
{[%clk 0:26:55]} h5 {[%clk 0:19:35]} 28. Qd3 {[%clk 0:24:12]} Rc3
{[%clk 0:14:45]} 29. Qd4 {[%clk 0:19:29]} Rxf3 {[%clk 0:14:39]} 30. Qxc5
{[%clk 0:19:50]} dxc5 {[%clk 0:15:04]} 31. Rg1 {[%clk 0:19:35]} Rd7
{[%clk 0:13:42]} 32. b3 {[%clk 0:17:45]} Kg7 {[%clk 0:13:24]} 33. Kb2
{[%clk 0:15:18]} Kf6 {[%clk 0:13:28]} 34. g4 {[%clk 0:08:49]} hxg4
{[%clk 0:07:53]} 35. Rxg4 {[%clk 0:09:15]} Rf5 {[%clk 0:08:16]} 36. c4
{[%clk 0:08:55]} e6 {[%clk 0:06:31]} 37. d6 {[%clk 0:08:16]} Ke5 {[%clk 0:06:41]}
38. Rg1 {[%clk 0:07:32]} Rf4 {[%clk 0:06:21]} 39. a3 {[%clk 0:03:44]} bxa3+
{[%clk 0:04:12]} 40. Kxa3 {[%clk 0:34:07]} f5 {[%clk 0:34:30]} 41. Rxg6
{[%clk 0:28:13]} Rxh4 {[%clk 0:30:08]} 42. b4 {[%clk 0:25:54]} cxb4+
{[%clk 0:26:39]} 43. Kxb4 {[%clk 0:26:15]} Rxd6 {[%clk 0:26:55]} 44. Rxd6
{[%clk 0:24:57]} Kxd6 {[%clk 0:27:21]} 45. Rg1 {[%clk 0:25:03]} f4
{[%clk 0:21:10]} 46. Kb5 {[%clk 0:21:21]} e5 {[%clk 0:18:32]} 47. c5+
{[%clk 0:18:25]} Kd5 {[%clk 0:12:54]} 48. c6 {[%clk 0:16:13]} Rh8
{[%clk 0:08:45]} 49. c7 {[%clk 0:13:05]} Rc8 {[%clk 0:03:57]} 50. Rd1+
{[%clk 0:13:30]} Ke4 {[%clk 0:04:04]} 51. Kc6 {[%clk 0:13:55]} Kf3
{[%clk 0:04:11]} 52. Kb7 {[%clk 0:08:40]} Rf8 {[%clk 0:02:17]} 53. Rd3+
{[%clk 0:02:04]} Kg4 {[%clk 0:01:15]} 54. Rd8 {[%clk 0:01:28]} Rf7
{[%clk 0:01:39]} 55. Kc6 {[%clk 0:00:43]} Rxc7+ {[%clk 0:01:56]} 56. Kxc7
{[%clk 0:01:12]} e4 {[%clk 0:02:05]} 57. Kd6 {[%clk 0:00:57]} f3 {[%clk 0:01:36]}
58. Ke5 {[%clk 0:00:38]} f2 {[%clk 0:00:39]} 59. Rg8+ {[%clk 0:00:33]} Kh5
{[%clk 0:00:37]} 60. Rf8 {[%clk 0:00:31]} e3 {[%clk 0:00:59]} 61. Kd4
{[%clk 0:00:41]} e2 {[%clk 0:01:21]} 62. Rxf2 {[%clk 0:01:07]} e1=Q
{[%clk 0:01:44]} 63. Rf3 {[%clk 0:00:56]} Qb4+ {[%clk 0:01:40]} 64. Ke5
{[%clk 0:01:04]} Qc5+ {[%clk 0:01:17]} 65. Ke4 {[%clk 0:01:19]} Kg4
{[%clk 0:01:27]} 66. Rf4+ {[%clk 0:01:06]} Kg5 {[%clk 0:01:47]} 67. Rf3
{[%clk 0:01:23]} Qc4+ {[%clk 0:01:21]} 68. Ke3 {[%clk 0:01:18]} Kg4
{[%clk 0:01:36]} 69. Rf2 {[%clk 0:01:27]} Qc3+ {[%clk 0:02:00]} 70. Ke2
{[%clk 0:01:50]} Kg3 {[%clk 0:02:01]} 71. Rf1 {[%clk 0:01:44]} Qc4+
{[%clk 0:01:09]} 72. Ke1 {[%clk 0:02:12]} Qb5 {[%clk 0:01:01]} 73. Rf7
{[%clk 0:00:41]} Qb1+ {[%clk 0:01:10]} 74. Kd2 {[%clk 0:01:04]} Qa2+
{[%clk 0:01:33]} 0-1

[Event "Moscow Open 2016 A"]
[Site "?"]
[Date "2016.02.07"]
[Round "9.14"]
[White "Naumkin, Igor"]
[Black "Sviridov, Valery"]
[Result "1-0"]
[BlackElo "2511"]
[WhiteElo "2403"]
[LiveChessVersion "1.4.7"]

1. d4 {[%clk 1:19:24]} d6 {[%clk 1:30:06]} 2. Nf3 {[%clk 1:19:45]} g6
{[%clk 1:30:26]} 3. c4 {[%clk 1:19:43]} Bg7 {[%clk 1:30:24]} 4. Nc3
{[%clk 1:19:43]} e5 {[%clk 1:30:38]} 5. e4 {[%clk 1:19:10]} exd4 {[%clk 1:30:56]}
6. Nxd4 {[%clk 1:19:09]} Nf6 {[%clk 1:31:03]} 7. Be2 {[%clk 1:18:19]} O-O
{[%clk 1:31:20]} 8. O-O {[%clk 1:18:20]} Re8 {[%clk 1:31:37]} 9. f3
{[%clk 1:17:08]} c6 {[%clk 1:31:50]} 10. Bg5 {[%clk 1:05:11]} Qb6
{[%clk 1:31:17]} 11. Kh1 {[%clk 0:53:13]} Ng4 {[%clk 1:18:02]} 12. Ndb5
{[%clk 0:43:31]} cxb5 {[%clk 1:17:36]} 13. fxg4 {[%clk 0:43:34]} Bxc3
{[%clk 1:04:44]} 14. bxc3 {[%clk 0:42:40]} bxc4 {[%clk 1:04:53]} 15. Bxc4
{[%clk 0:31:35]} Be6 {[%clk 1:05:04]} 16. Rb1 {[%clk 0:27:50]} Qc7
{[%clk 1:04:09]} 17. Bb5 {[%clk 0:25:51]} Rc8 {[%clk 0:56:56]} 18. Bf6
{[%clk 0:22:52]} h6 {[%clk 0:56:36]} 19. Qd2 {[%clk 0:18:22]} Kh7
{[%clk 0:56:59]} 20. Rf3 {[%clk 0:09:29]} Bxg4 {[%clk 0:56:34]} 21. Rf4
{[%clk 0:09:16]} Nd7 {[%clk 0:56:02]} 22. Bxd7 {[%clk 0:05:37]} Qxd7
{[%clk 0:54:07]} 23. h3 {[%clk 0:04:07]} Bh5 {[%clk 0:49:19]} 24. Rh4
{[%clk 0:02:28]} Rc4 {[%clk 0:45:14]} 25. Qd5 {[%clk 0:00:57]} Rc5
{[%clk 0:45:21]} 26. Qd3 {[%clk 0:00:49]} Qe6 {[%clk 0:22:56]} 27. Bd4
{[%clk 0:01:09]} Qe7 {[%clk 0:17:19]} 28. Rf4 {[%clk 0:01:11]} g5
{[%clk 0:17:00]} 29. Bxc5 {[%clk 0:01:00]} gxf4 {[%clk 0:17:23]} 30. Bxd6
{[%clk 0:00:56]} Qd7 {[%clk 0:16:32]} 31. Qd5 {[%clk 0:01:00]} Bg6
{[%clk 0:10:31]} 32. Rxb7 {[%clk 0:01:17]} Qe8 {[%clk 0:10:58]} 33. e5
{[%clk 0:01:07]} Kg8 {[%clk 0:11:22]} 34. Re7 {[%clk 0:01:15]} Qc8
{[%clk 0:08:40]} 35. e6 {[%clk 0:01:09]} f6 {[%clk 0:07:50]} 36. Rd7
{[%clk 0:01:06]} Qe8 {[%clk 0:07:56]} 37. e7+ {[%clk 0:01:10]} Kg7
{[%clk 0:08:00]} 38. Bc5 {[%clk 0:00:55]} Rc8 {[%clk 0:08:00]} 39. Bd4
{[%clk 0:00:53]} Be4 {[%clk 0:07:39]} 40. Qe6 {[%clk 0:30:53]} Qg6
{[%clk 0:33:49]} 1-0

[Event "Moscow Open 2016 A"]
[Site "?"]
[Date "2016.02.07"]
[Round "9.15"]
[White "Badmatsyrenov, Oleg"]
[Black "Kozionov, Kirill"]
[Result "1/2-1/2"]
[BlackElo "2416"]
[WhiteElo "2473"]
[LiveChessVersion "1.4.7"]

1. b3 {[%clk 1:13:56]} e5 {[%clk 1:29:26]} 2. Bb2 {[%clk 1:14:24]} Nc6
{[%clk 1:29:51]} 3. e3 {[%clk 1:14:45]} Nf6 {[%clk 1:26:00]} 4. g3
{[%clk 1:12:10]} d5 {[%clk 1:22:56]} 5. Bg2 {[%clk 1:09:43]} Be6 {[%clk 1:21:33]}
6. d3 {[%clk 1:08:43]} Qd7 {[%clk 1:15:32]} 7. Nd2 {[%clk 1:09:07]} d4
{[%clk 1:02:04]} 8. a3 {[%clk 1:04:58]} a5 {[%clk 0:50:34]} 9. Qe2
{[%clk 1:03:48]} Bc5 {[%clk 0:44:23]} 10. Ngf3 {[%clk 1:02:28]} O-O
{[%clk 0:43:09]} 11. exd4 {[%clk 0:57:56]} Bxd4 {[%clk 0:38:44]} 12. Nxd4
{[%clk 0:43:55]} Nxd4 {[%clk 0:37:40]} 13. Bxd4 {[%clk 0:40:53]} Qxd4
{[%clk 0:36:59]} 14. O-O {[%clk 0:41:09]} Bd5 {[%clk 0:36:43]} 15. Rfe1
{[%clk 0:38:03]} Rfe8 {[%clk 0:36:12]} 16. Bxd5 {[%clk 0:37:48]} Qxd5
{[%clk 0:34:02]} 17. a4 {[%clk 0:38:12]} b6 {[%clk 0:33:29]} 18. Rad1
{[%clk 0:32:46]} Re6 {[%clk 0:33:25]} 19. Ne4 {[%clk 0:31:40]} Rae8
{[%clk 0:25:20]} 20. Nxf6+ {[%clk 0:31:40]} Rxf6 {[%clk 0:25:39]} 21. d4
{[%clk 0:31:00]} e4 {[%clk 0:25:48]} 22. c4 {[%clk 0:30:40]} Qf5 {[%clk 0:25:07]}
23. Rd3 {[%clk 0:28:58]} Rfe6 {[%clk 0:21:56]} 24. Re3 {[%clk 0:29:09]} h6
{[%clk 0:20:34]} 25. d5 {[%clk 0:28:53]} Re5 {[%clk 0:19:52]} 26. Qd2
{[%clk 0:20:21]} h5 {[%clk 0:16:51]} 27. h4 {[%clk 0:19:39]} g5 {[%clk 0:14:34]}
28. hxg5 {[%clk 0:18:53]} Qxg5 {[%clk 0:14:56]} 29. d6 {[%clk 0:18:11]} cxd6
{[%clk 0:14:32]} 30. Qxd6 {[%clk 0:18:34]} R8e6 {[%clk 0:13:33]} 31. Qb8+
{[%clk 0:18:23]} Kh7 {[%clk 0:09:25]} 32. Rd1 {[%clk 0:18:25]} Rf5
{[%clk 0:06:36]} 33. Rd8 {[%clk 0:13:57]} Qf6 {[%clk 0:06:21]} 34. Re2
{[%clk 0:10:50]} h4 {[%clk 0:04:22]} 35. Rg8 {[%clk 0:10:21]} Qa1+
{[%clk 0:01:24]} 36. Kg2 {[%clk 0:10:50]} h3+ {[%clk 0:01:31]} 37. Kh2
{[%clk 0:11:09]} Qf1 {[%clk 0:00:34]} 38. Rh8+ {[%clk 0:11:06]} Kg6
{[%clk 0:00:44]} 39. Qg8+ {[%clk 0:11:03]} Kf6 {[%clk 0:01:10]} 40. Qd8+
{[%clk 0:41:02]} Kg6 {[%clk 0:30:34]} 41. Rg8+ {[%clk 0:39:51]} Kh7
{[%clk 0:30:07]} 42. Rh8+ {[%clk 0:40:17]} Kg6 {[%clk 0:28:46]} 43. Qg8+
{[%clk 0:38:10]} Kf6 {[%clk 0:29:11]} 44. Qd8+ {[%clk 0:38:33]} Kg6
{[%clk 0:11:02]} 45. Rg8+ {[%clk 0:38:43]} Kh7 {[%clk 0:11:22]} 46. Rh8+
{[%clk 0:39:10]} Kg6 {[%clk 0:11:36]} 47. Qg8+ {[%clk 0:39:34]} Kf6
{[%clk 0:12:01]} 48. Qd8+ {[%clk 0:39:34]} Kg6 {[%clk 0:12:13]} 1/2-1/2

[Event "Moscow Open 2016 A"]
[Site "?"]
[Date "2016.02.07"]
[Round "9.16"]
[White "Kopylov, Alexander A."]
[Black "Triapishko, Olexandr"]
[Result "0-1"]
[BlackElo "2471"]
[WhiteElo "2401"]
[LiveChessVersion "1.4.7"]

1. d4 {[%clk 1:16:40]} d5 {[%clk 1:28:38]} 2. c4 {[%clk 1:13:28]} c6
{[%clk 1:28:44]} 3. Nf3 {[%clk 1:13:36]} e6 {[%clk 1:28:28]} 4. Qc2
{[%clk 1:06:48]} Nf6 {[%clk 1:24:21]} 5. g3 {[%clk 1:06:23]} dxc4
{[%clk 1:15:24]} 6. Qxc4 {[%clk 1:06:20]} b5 {[%clk 1:15:21]} 7. Qb3
{[%clk 1:02:14]} Bb7 {[%clk 1:12:14]} 8. Bg2 {[%clk 0:56:56]} Nbd7
{[%clk 1:05:03]} 9. O-O {[%clk 0:54:19]} a6 {[%clk 0:58:17]} 10. Ne5
{[%clk 0:30:58]} Nxe5 {[%clk 0:46:14]} 11. dxe5 {[%clk 0:31:22]} Nd7
{[%clk 0:46:38]} 12. Bf4 {[%clk 0:27:03]} Be7 {[%clk 0:31:58]} 13. Rd1
{[%clk 0:21:33]} Qc7 {[%clk 0:30:39]} 14. Nc3 {[%clk 0:20:44]} O-O
{[%clk 0:29:46]} 15. Ne4 {[%clk 0:11:22]} Nc5 {[%clk 0:28:09]} 16. Nxc5
{[%clk 0:11:23]} Bxc5 {[%clk 0:28:32]} 17. Qc3 {[%clk 0:11:42]} Be7
{[%clk 0:16:53]} 18. Be3 {[%clk 0:11:51]} c5 {[%clk 0:13:53]} 19. Bxb7
{[%clk 0:11:39]} b4 {[%clk 0:14:05]} 20. Qc4 {[%clk 0:09:17]} Qxb7
{[%clk 0:14:30]} 21. Rac1 {[%clk 0:07:33]} Rac8 {[%clk 0:12:31]} 22. h4
{[%clk 0:06:23]} Rfd8 {[%clk 0:09:05]} 23. b3 {[%clk 0:04:13]} Rd5
{[%clk 0:08:06]} 24. Rxd5 {[%clk 0:03:27]} exd5 {[%clk 0:08:21]} 25. Qg4
{[%clk 0:03:50]} Qc6 {[%clk 0:07:51]} 26. f4 {[%clk 0:04:07]} Qe6
{[%clk 0:02:50]} 27. f5 {[%clk 0:03:47]} Qxe5 {[%clk 0:02:43]} 28. Bf4
{[%clk 0:01:09]} h5 {[%clk 0:02:50]} 29. Qxh5 {[%clk 0:01:16]} Qe4
{[%clk 0:02:48]} 30. Qg4 {[%clk 0:00:37]} Bf6 {[%clk 0:02:45]} 31. h5
{[%clk 0:01:04]} Re8 {[%clk 0:02:28]} 32. e3 {[%clk 0:00:34]} d4 {[%clk 0:02:01]}
33. Rxc5 {[%clk 0:00:58]} Qb1+ {[%clk 0:01:09]} 34. Kg2 {[%clk 0:01:24]} Qxa2+
{[%clk 0:01:07]} 35. Kh3 {[%clk 0:01:04]} dxe3 {[%clk 0:00:58]} 36. Rc6
{[%clk 0:00:33]} Qa1 {[%clk 0:01:08]} 0-1

[Event "Moscow Open 2016 A"]
[Site "?"]
[Date "2016.02.07"]
[Round "9.17"]
[White "Petrosian, Davit G."]
[Black "Iljiushenok, Ilia"]
[Result "0-1"]
[BlackElo "2470"]
[WhiteElo "2394"]
[LiveChessVersion "1.4.7"]

1. e4 {[%clk 1:30:57]} e5 {[%clk 1:29:28]} 2. Nf3 {[%clk 1:30:26]} Nc6
{[%clk 1:29:48]} 3. Nc3 {[%clk 1:27:56]} Nf6 {[%clk 1:30:07]} 4. Be2
{[%clk 1:27:14]} Bb4 {[%clk 1:16:44]} 5. Nd5 {[%clk 1:26:13]} Bc5
{[%clk 1:17:11]} 6. c3 {[%clk 1:21:47]} Nxe4 {[%clk 1:11:41]} 7. d4
{[%clk 1:01:26]} exd4 {[%clk 1:10:50]} 8. cxd4 {[%clk 1:01:49]} Be7
{[%clk 1:11:16]} 9. O-O {[%clk 0:51:52]} O-O {[%clk 1:09:44]} 10. Qd3
{[%clk 0:40:19]} f5 {[%clk 0:58:50]} 11. Ne5 {[%clk 0:17:27]} Nxe5
{[%clk 0:43:58]} 12. dxe5 {[%clk 0:17:47]} d6 {[%clk 0:44:22]} 13. Qb3
{[%clk 0:09:15]} Kh8 {[%clk 0:33:17]} 14. Nxe7 {[%clk 0:09:26]} Qxe7
{[%clk 0:33:38]} 15. exd6 {[%clk 0:09:51]} Qxd6 {[%clk 0:30:02]} 16. Bf3
{[%clk 0:05:34]} Be6 {[%clk 0:28:56]} 17. Qxb7 {[%clk 0:01:38]} Rfb8
{[%clk 0:26:59]} 18. Bxe4 {[%clk 0:02:02]} Rxb7 {[%clk 0:27:25]} 19. Bxb7
{[%clk 0:02:32]} Re8 {[%clk 0:27:12]} 20. g3 {[%clk 0:00:37]} c6 {[%clk 0:22:04]}
21. Bf4 {[%clk 0:00:58]} Qd7 {[%clk 0:22:28]} 22. Ba6 {[%clk 0:01:10]} Bd5
{[%clk 0:22:44]} 23. Rfd1 {[%clk 0:00:37]} Qe6 {[%clk 0:20:02]} 24. Bd3
{[%clk 0:01:06]} h6 {[%clk 0:19:13]} 25. b3 {[%clk 0:00:44]} Bf3 {[%clk 0:13:56]}
26. Bc4 {[%clk 0:00:51]} Qf6 {[%clk 0:14:11]} 27. Re1 {[%clk 0:00:49]} Re4
{[%clk 0:13:20]} 28. Rac1 {[%clk 0:00:36]} Kh7 {[%clk 0:06:51]} 29. Rxe4
{[%clk 0:01:01]} Bxe4 {[%clk 0:06:59]} 30. Bf1 {[%clk 0:00:34]} Qb2
{[%clk 0:06:58]} 31. h4 {[%clk 0:00:34]} Qxa2 {[%clk 0:06:59]} 32. Rc3
{[%clk 0:00:33]} Qb1 {[%clk 0:06:21]} 33. Re3 {[%clk 0:00:36]} Qd1
{[%clk 0:05:28]} 34. f3 {[%clk 0:01:01]} Bd5 {[%clk 0:05:30]} 35. Kf2
{[%clk 0:00:50]} Bxb3 {[%clk 0:05:23]} 36. Bd3 {[%clk 0:00:43]} Bc2
{[%clk 0:04:21]} 37. Bc4 {[%clk 0:00:34]} Qd4 {[%clk 0:04:48]} 38. Bf7
{[%clk 0:00:48]} Qd7 {[%clk 0:04:43]} 39. Be8 {[%clk 0:01:00]} Qd2+
{[%clk 0:04:47]} 40. Kg1 {[%clk 0:30:56]} Qd1+ {[%clk 0:33:17]} 41. Kg2
{[%clk 0:20:40]} Bb3 {[%clk 0:26:04]} 42. h5 {[%clk 0:18:05]} Kg8
{[%clk 0:26:30]} 43. Bg6 {[%clk 0:17:27]} Bf7 {[%clk 0:26:56]} 44. Re7
{[%clk 0:05:41]} Bxg6 {[%clk 0:27:25]} 45. hxg6 {[%clk 0:06:09]} Kf8
{[%clk 0:27:49]} 46. Re6 {[%clk 0:02:35]} Qd7 {[%clk 0:28:15]} 47. Re5
{[%clk 0:03:01]} c5 {[%clk 0:24:21]} 48. Be3 {[%clk 0:00:44]} c4 {[%clk 0:24:47]}
49. Bc5+ {[%clk 0:00:32]} Kg8 {[%clk 0:25:16]} 50. Bxa7 {[%clk 0:00:37]} Qc6
{[%clk 0:20:03]} 51. Rc5 {[%clk 0:00:51]} Qxg6 {[%clk 0:18:10]} 52. Rxc4
{[%clk 0:01:14]} Qf7 {[%clk 0:17:44]} 53. Rc8+ {[%clk 0:01:36]} Kh7
{[%clk 0:18:13]} 54. Bf2 {[%clk 0:01:24]} g5 {[%clk 0:16:27]} 55. Rd8
{[%clk 0:00:35]} Qb7 {[%clk 0:16:16]} 56. Rd3 {[%clk 0:00:33]} g4
{[%clk 0:15:05]} 57. Be1 {[%clk 0:00:34]} h5 {[%clk 0:14:50]} 58. Kf2
{[%clk 0:00:36]} Qb5 {[%clk 0:13:17]} 59. Re3 {[%clk 0:00:38]} Qb2+
{[%clk 0:13:33]} 60. Kf1 {[%clk 0:00:36]} Qb5+ {[%clk 0:13:38]} 61. Kg1
{[%clk 0:00:38]} Qc5 {[%clk 0:13:26]} 62. Bf2 {[%clk 0:01:02]} h4
{[%clk 0:13:41]} 63. fxg4 {[%clk 0:00:41]} h3 {[%clk 0:14:07]} 64. Re2
{[%clk 0:00:32]} Qc4 {[%clk 0:13:32]} 65. Re7+ {[%clk 0:00:35]} Kg8
{[%clk 0:14:01]} 66. gxf5 {[%clk 0:00:32]} Qc6 {[%clk 0:14:21]} 67. Kf1
{[%clk 0:00:47]} h2 0-1

[Event "Moscow Open 2016 A"]
[Site "?"]
[Date "2016.02.07"]
[Round "9.18"]
[White "Zakhartsov, Vladimir"]
[Black "Shevchenko, Kirill"]
[Result "0-1"]
[BlackElo "2373"]
[WhiteElo "2462"]
[LiveChessVersion "1.4.7"]

1. e4 {[%clk 1:30:58]} c5 {[%clk 1:30:55]} 2. Nf3 {[%clk 1:31:25]} d6
{[%clk 1:31:19]} 3. d4 {[%clk 1:31:53]} cxd4 {[%clk 1:31:44]} 4. Nxd4
{[%clk 1:32:20]} Nf6 {[%clk 1:32:08]} 5. Nc3 {[%clk 1:32:47]} a6 {[%clk 1:32:30]}
6. Be3 {[%clk 1:33:14]} e5 {[%clk 1:32:55]} 7. Nb3 {[%clk 1:33:40]} Be6
{[%clk 1:33:20]} 8. h3 {[%clk 1:34:05]} Nc6 {[%clk 1:33:16]} 9. Qf3
{[%clk 1:33:34]} Rc8 {[%clk 1:32:04]} 10. O-O-O {[%clk 1:33:52]} Nb4
{[%clk 1:31:27]} 11. Kb1 {[%clk 1:34:13]} Qc7 {[%clk 1:31:51]} 12. a3
{[%clk 1:34:40]} Nxc2 {[%clk 1:32:14]} 13. Kxc2 {[%clk 1:35:06]} Qc6
{[%clk 1:32:36]} 14. Nd2 {[%clk 1:35:29]} d5 {[%clk 1:32:55]} 15. exd5
{[%clk 1:35:53]} Nxd5 {[%clk 1:33:16]} 16. Rc1 {[%clk 1:36:15]} Qa4+
{[%clk 1:03:35]} 17. Kb1 {[%clk 1:35:45]} Nxc3+ {[%clk 1:01:41]} 18. Rxc3
{[%clk 1:36:07]} Rxc3 {[%clk 1:01:18]} 19. bxc3 {[%clk 1:36:35]} Bxa3
{[%clk 0:37:49]} 20. Bd3 {[%clk 1:36:46]} Bb4 {[%clk 0:34:34]} 21. cxb4
{[%clk 1:37:09]} Qxb4+ {[%clk 0:34:39]} 22. Kc1 {[%clk 1:37:30]} Qa3+
{[%clk 0:34:45]} 23. Kd1 {[%clk 1:37:49]} Qxd3 {[%clk 0:34:53]} 24. Qxb7
{[%clk 1:38:08]} O-O {[%clk 0:34:28]} 25. Qb1 {[%clk 1:38:19]} Qd5
{[%clk 0:26:12]} 26. f3 {[%clk 1:38:24]} f5 {[%clk 0:25:30]} 27. Ke2
{[%clk 1:38:31]} Rd8 {[%clk 0:21:13]} 28. Rd1 {[%clk 1:37:19]} Bd7
{[%clk 0:17:43]} 29. Bg5 {[%clk 1:26:33]} Bb5+ {[%clk 0:17:03]} 30. Kf2
{[%clk 1:26:48]} f4 {[%clk 0:14:06]} 31. Ke1 {[%clk 1:18:57]} Qd4
{[%clk 0:12:24]} 32. Qb3+ {[%clk 1:14:27]} Rd5 {[%clk 0:12:28]} 33. Nf1
{[%clk 1:09:46]} Qxd1+ {[%clk 0:12:49]} 34. Qxd1 {[%clk 1:10:14]} Rxd1+
{[%clk 0:13:11]} 35. Kxd1 {[%clk 1:10:43]} Bxf1 {[%clk 0:13:32]} 36. h4
{[%clk 1:11:11]} Bxg2 {[%clk 0:13:41]} 37. Ke2 {[%clk 1:11:40]} Kf7
{[%clk 0:13:59]} 38. Bd8 {[%clk 1:12:05]} Ke6 {[%clk 0:14:18]} 39. Kf2
{[%clk 1:12:26]} Bh3 {[%clk 0:14:41]} 40. Bc7 {[%clk 1:42:50]} Bf5
{[%clk 0:44:56]} 41. Ke2 {[%clk 1:43:11]} Bc2 {[%clk 0:45:22]} 42. Kf2
{[%clk 1:43:34]} Kf5 {[%clk 0:45:47]} 43. Ke2 {[%clk 1:43:47]} Ba4
{[%clk 0:46:09]} 44. Kf2 {[%clk 1:44:10]} e4 {[%clk 0:46:24]} 45. fxe4+
{[%clk 1:44:30]} Kxe4 {[%clk 0:46:53]} 46. Bd8 {[%clk 1:44:48]} Bc6
{[%clk 0:47:08]} 47. Ke2 {[%clk 1:45:14]} Kf5 {[%clk 0:47:32]} 48. Kf2
{[%clk 1:45:40]} Kg4 {[%clk 0:47:54]} 49. Ke2 {[%clk 1:45:49]} Kg3
{[%clk 0:48:16]} 50. Bc7 {[%clk 1:46:00]} Bb5+ {[%clk 0:47:44]} 51. Ke1
{[%clk 1:46:22]} Kf3 {[%clk 0:48:02]} 52. Be5 {[%clk 1:46:33]} g6
{[%clk 0:48:30]} 53. Bc7 {[%clk 1:46:56]} Ke3 {[%clk 0:48:36]} 54. Bb6+
{[%clk 1:47:21]} Kd3 {[%clk 0:49:00]} 55. Kd1 {[%clk 1:47:44]} f3
{[%clk 0:49:17]} 56. Ke1 {[%clk 1:48:10]} Bc6 {[%clk 0:49:33]} 0-1